| 000 | 00531cam a2200181ua 4500 | ||
|---|---|---|---|
| 001 | 6328 | ||
| 008 | 131129n ii |||frmmmmZ001|0|eng | ||
| 020 | _a81-8370-052-7 | ||
| 040 | _cMAIN | ||
| 082 | _a658.15 | ||
| 245 |
_aFinancial management : _bA study of small business in North Eastern Region of India / _cBy Ashim Kumar Das . |
||
| 260 |
_aNew delhi: _bAkansha publishing house, _c2006. |
||
| 300 | _axii,197p. | ||
| 653 | _aCommerce | ||
| 653 | _aFinancial management | ||
| 700 |
_aDas,Ashim Kumar, _eAuthor. |
||
| 942 | _cBK | ||
| 999 |
_c5480 _d5480 |
||